000 00643nam a2200217Ia 4500
001 8937
003 GE_BSU
008 181216s||||||||xx |||||||||||||| ||und||
040 _cGE_BSU
080 _a821.353.1-1
100 _aკაჭახიძე,გიორგი.
245 _aის უბანი და კარმიდამო.
245 _bლექსები
260 _aტფილისი.
260 _bსახელგამი.
260 _c1934.
300 _a103გვ;15სმ.
653 _aის უბანი და კარმიდამო.
653 _aლექსები
942 _cBK
999 _c42242
_d42242